000
00254nam a22001097a 4500
008
150527b xxu||||| |||| 00| 0 eng d
020
_a
9789280810578
041
0
_a
eng
080
_a
638.394
100
_a
Miyazaki, Nobuyuki
245
0
0
_a
Mankind and the oceans /
999
_c
905
_d
905